LEADER 01478nam 2200469zu 450 001 9911006702003321 005 20210807005001.0 010 $a1-68015-336-6 035 $a(CKB)3710000000353990 035 $a(SSID)ssj0001421820 035 $a(PQKBManifestationID)12610269 035 $a(PQKBTitleCode)TC0001421820 035 $a(PQKBWorkID)11424609 035 $a(PQKB)10513785 035 $a(EXLCZ)993710000000353990 100 $a20160829d2004 uy 101 0 $aeng 181 $ctxt 182 $cc 183 $acr 200 10$aChemical reactors : from design to operation 210 31$a[Place of publication not identified]$cEditions Technip$d2004 225 0 $aInstitut franðcais du pâetrole publications Chemical reactors 300 $aBibliographic Level Mode of Issuance: Monograph 311 $a2-7108-0845-5 606 $aChemical reactors 606 $aChemical & Materials Engineering$2HILCC 606 $aEngineering & Applied Sciences$2HILCC 606 $aChemical Engineering$2HILCC 615 0$aChemical reactors. 615 7$aChemical & Materials Engineering 615 7$aEngineering & Applied Sciences 615 7$aChemical Engineering 676 $a660/.2832 700 $aTrambouze$b Pierre$016044 702 $aEuzen$b Jean-Paul 702 $aEuzen$b Jean-Paul 801 0$bPQKB 906 $aBOOK 912 $a9911006702003321 996 $aChemical reactors : from design to operation$94389881 997 $aUNINA